| 000 | 00349cam a2200145ua 4500 | ||
|---|---|---|---|
| 041 |
_aeng _h |
||
| 082 |
_a823.308 _bTRE/BU |
||
| 100 | _aTreece, Henry . | ||
| 245 |
_aBurning of Njal / _cHenry Treece. _hTextual Documents |
||
| 260 |
_aLondon : _bThe Bodley head , _c1964. |
||
| 300 | _a191 ; . | ||
| 504 | _a | ||
| 942 | _cBK | ||
| 999 |
_c1158 _d1158 |
||